000 00344nam a22001217a 4500
008 230227b |||||||| |||| 00| 0 eng d
050 _aPR6055.A893.
100 _aTagore, Rabindranath
_940751
245 _aThe gardener;
_cTagore,Rabindranath
260 _aLondon:
_bMacmillan and Co,
_c1913.
300 _a150p;
_c19cm.
942 _2lcc
_cMONOGRAPH
999 _c131637
_d131637